000 00551cam a2200145 4500500
005 20251228093424.0
041 _afre
042 _adc
100 1 0 _aGriesse, Malte
_eauthor
245 0 0 _aJochen Hellbeck, Klaus Heller, eds. Autobiographical Practices in Russia. Autobiographische Praktiken in Russland
260 _c2005.
500 _a21
786 0 _nCahiers du monde russe | Vol 46 | 4 | 2005-11-01 | p. 859j-990j | 1252-6576
856 4 1 _uhttps://shs.cairn.info/revue-cahiers-du-monde-russe-2005-4-page-859j?lang=fr&redirect-ssocas=7080
999 _c1604336
_d1604336